deutsch und englisch ähnliche Wörter 2 - Statistiken

Allgemein
  • Dieses Quiz wurde 43 mal gespielt
    36 seit der letzten Aktualisierung
  • Das Durchschnittsergebnis liegt bei 36 aus 43
Antwortstatistiken
Flag of Germany Flag of the United Kingdom (3-5).svg % Korrekt
Vater father
100%
parken park
100%
studieren study
100%
schwimmen swim
100%
waschen wash
100%
kommen come
97%
Salz salt
97%
Universität university
97%
willkommen welcome
97%
Bier beer
94%
Käse cheese
94%
helfen help
94%
es ist it is
94%
schlafen sleep
94%
starten start
94%
Wassermelone watermelon
94%
Wort word
94%
Bär bear
91%
Krokodil crocodile
91%
fallen fall
91%
Lippe lip
91%
Kinder children
88%
Artikel article
85%
automatisch automatic
85%
Blut blood
85%
Karte card
85%
Onkel uncle
85%
Bett bed
82%
Herz heart
82%
hoffen hope
82%
hunger hungry
82%
Öl oil
82%
Reis rice
82%
Medizin medicine
79%
Theater theatre
79%
Kostüm costume
74%
Bohnen beans
68%
Kalender calendar
68%
Wörterbuch dictionary
62%
Beeren berries
56%
Pflaume plum
50%
enorm enormous
44%
Limone lime
41%
Keine übereinstimmenden Quizze gefunden
Verteilung der Resultate
Anzahl Personen mit jedem Resultat
Perzentil nach korrekt beantworteten Fragen
Ihre Resultats-Entwicklung
Sie haben dieses Quiz seit der letzten Aktualisierung nicht gespielt